| 000 | 00298nam a2200133 i 4500 | ||
|---|---|---|---|
| 001 | bg | ||
| 100 | 1 | _aTOLMACEW, W. W. | |
| 245 | 0 |
_aTeorija Fermi-Gaza / _cW.W. Tolmacew. |
|
| 260 |
_aMoskwa, _c1973. |
||
| 040 | _cBPK | ||
| 041 | _apol | ||
| 942 | _cKS | ||
| 008 | s pl f |000 0 pol | ||
| 999 |
_c15344 _d15344 |
||
| 856 |
_uhttp://koha.tu.koszalin.pl/cgi-bin/koha/opac-detail.pl?biblionumber=15344 _yKatalog online BPK |
||